All 48 most populated countries in Asia - Statistics

General Stats
  • This quiz has been taken 76 times
  • The average score is 32 of 48
Answers on the Map
Answers color-coded by a green-red scale on the quiz's map according to % correct below.
 
Answer Stats
Answer % Correct
China
100%
India
98%
Indonesia
94%
Pakistan
86%
Japan
84%
Thailand
84%
Bangladesh
82%
Iran
82%
Myanmar
82%
Philippines
82%
South Korea
82%
Turkey
82%
Vietnam
82%
Afghanistan
74%
Iraq
74%
Malaysia
70%
Saudi Arabia
70%
Yemen
68%
Nepal
66%
North Korea
66%
Uzbekistan
66%
Sri Lanka
64%
Syria
62%
Taiwan
62%
United Arab Emirates
62%
Cambodia
60%
Kazakhstan
60%
Singapore
60%
Israel
58%
Jordan
58%
Laos
58%
Azerbaijan
56%
Tajikistan
56%
Turkmenistan
56%
Kyrgyzstan
54%
Oman
54%
Bahrain
52%
Cyprus
52%
Georgia
52%
Kuwait
52%
Qatar
52%
Armenia
50%
Bhutan
50%
East timor
50%
Lebanon
50%
Maldives
50%
Mongolia
50%
Brunei
48%
No matching quizzes found
Score Distribution
Percent of People with Each Score
Percentile by Number Answered
Your Score History
You have not taken this quiz